00538nam a2200169Ia 450000500170000000800410001708200230005810000200008124500290010125000160013026000380014630000120018450000520019694200060024895200990025499900150035320250307031246.0240331s9999 xx 000 0 und d bVEE21557a894.811 aVeerasamy, D. V 0aTamilil Samooga Novelgal a2nd Edition aMadras,bTamil Puthakalayamc1987 a200 p., aA study on the trends of social novels in Tamil cL 001040708LaWERCLbWERCLcSSCd2024-03-31l0o 894.811 VEEp1557r2024-03-31w2024-03-31yL c4230d4230